[Event "Helsingor Xtracon op"]
[Site "Helsingor"]
[Date "2019.07.20"]
[Round "1"]
[White "Ben Porat, Tal"]
[Black "Karthikeyan, Murali"]
[Result "0-1"]
[WhiteElo "1928"]
[BlackElo "2613"]
[PlyCount "126"]
[EventDate "2019.07.20"]
[EventType "swiss"]
[EventRounds "10"]
[EventCountry "DEN"]
[SourceTitle "CBM 191 Extra"]
[Source "ChessBase"]
[SourceDate "2019.09.30"]
[SourceVersion "1"]
[SourceVersionDate "2019.09.30"]
[SourceQuality "1"]

1. e4 c5 2. Nf3 Nc6 3. Bb5 g6 4. Bxc6 dxc6 5. 0-0 Bg7 6. h3 Nf6 7. Qe2 0-0 8. Rd1 e5 9. d3 Ne8 10. Nc3 Nc7 11. Bg5 f6 12. Be3 Qe7 13. Nh2 Ne6 14. Rf1 b6 15. f4 exf4 16. Bxf4 Nxf4 17. Rxf4 f5 18. Re1 Bd7 19. exf5 Qd6 20. Rff1 Rae8 21. Qd2 Bxf5 22. Rxe8 Rxe8 23. Re1 Rf8 24. Rf1 c4 25. Rf3 cxd3 26. cxd3 Rd8 27. Qg5 Bf6 28. Qh6 Re8 29. Qd2 Bd4+ 30. Kh1 Qe6 31. Rf1 Qe3 32. Qxe3 Rxe3 33. Nf3 Bxd3 34. Rd1 Bf6 35. Kg1 Bc4 36. Rd7 Bxc3 37. bxc3 a5 38. Rd6 Bxa2 39. Rxc6 b5 40. Kf2 Re7 41. Ra6 a4 42. Nd4 Bc4 43. Ra5 Rb7 44. Nc6 Kg7 45. g3 Kf6 46. Ke3 Bf1 47. Nd4 Ke5 48. h4 Kd5 49. Nf3 Re7+ 50. Kd2 Re2+ 51. Kd1 Re3 52. Nd4 Rxc3 53. Nxb5 Bxb5 54. Rxb5+ Kc4 55. Rb7 h5 56. Rc7+ Kd4 57. Ra7 a3 58. g4 hxg4 59. Ra4+ Ke5 60. Rxg4 a2 61. Ra4 Rh3 62. Rxa2 Rh1+ 63. Kc2 Rh2+ 0-1

[Event "La Fere op"]
[Site "La Fere"]
[Date "2010.07.07"]
[Round "6"]
[White "Paris, Pierre Julien"]
[Black "Ben Porat, Tal"]
[Result "0-1"]
[WhiteElo "1400"]
[BlackElo "1849"]
[PlyCount "134"]
[EventDate "2010.07.03"]
[EventType "swiss"]
[EventRounds "9"]
[EventCountry "FRA"]
[SourceTitle "CBM 137 Extra"]
[Source "ChessBase"]
[SourceDate "2010.09.01"]
[SourceVersion "1"]
[SourceVersionDate "2010.09.01"]
[SourceQuality "1"]

1. e4 e6 2. d4 d5 3. e5 c5 4. c3 Nc6 5. Nf3 Qb6 6. Bd3 Bd7 7. dxc5 Bxc5 8. 0-0 a5 9. a3 Nge7 10. Qc2 Ng6 11. Bg5 Ncxe5 12. Nxe5 Nxe5 13. Bf4 Nxd3 14. Qxd3 Bd6 15. Bxd6 Qxd6 16. Nd2 Qb6 17. Qc2 Rc8 18. a4 d4 19. Rab1 Qc6 20. b3 Qxc3 21. Qxc3 dxc3 22. Ne4 Ke7 23. Rbc1 Rc7 24. Nxc3 Rhc8 25. Ne2 Rxc1 26. Rxc1 Rxc1+ 27. Nxc1 Bc6 28. f3 Bd5 29. Kf2 Kd6 30. Ke3 Kc6 31. Kd4 f6 32. Kd3 g5 33. Kc3 h5 34. Nd3 e5 35. b4 b6 36. h3 e4 37. fxe4 Bxe4 38. b5+ Kd6 39. g3 Bxd3 40. Kxd3 Kc5 41. Kc3 f5 42. Kb3 f4 43. gxf4 gxf4 44. Kc3 f3 45. Kd3 Kb4 46. Ke3 Kxa4 47. Kxf3 Kb3 48. Ke3 a4 49. Kd2 Kb2 50. Kd3 a3 51. Kd4 a2 52. Kd5 a1Q 53. Kc6 Qa5 54. h4 Kc3 55. Kb7 Qxb5 56. Ka8 Kd4 57. Kb8 Ke4 58. Ka8 Kf4 59. Kb8 Kg4 60. Ka8 Kxh4 61. Kb8 Qd7 62. Ka8 Kg5 63. Kb8 Kf5 64. Ka8 Ke5 65. Kb8 Kd5 66. Ka8 Kc6 67. Kb8 Qb7# 0-1